000
00334nam a2200133Ia 4500
008
240624s9999 xx 000 0 und d
041
_a
eng
082
_a
338.5 KUM
100
_a
KUMAR BRAJESH
245
_a
MODERN MICROECONOMICS
260
_c
2008
_a
New Delhi
_b
Ane Books Pvt. Ltd.
300
_a
323 : p. : cm. ; 22
365
_c
RS
_b
32
999
_c
13898
_d
13898